000 007520000a22002170004500
003 dpl
005 2008103106256.0
008 081031t xxu||||| |||| 00| 0 eng d
010 _aENG-84669
020 _a8173917302
_c450.00 (hb)
035 _aEN-68202
040 _cdpl
082 _a954.11
100 _aDhar, D N
245 _aKashmir:
_ca keleidoscopic view /
_cby D N Dhar
260 _aNew Delhi
_bKanishka Publishers, Distributors
_c2005
300 _axii,204p
_c22cm
500 _aIncludes bibliographical references and index
942 _2ddc
_cEN
_h954.11
_mDHA
999 _c17973
_d17973